Cinta & rindu kepada Allah

Bibliographic Details
Main Author: Imam Nawawi
Other Authors: Abu Hikmah Al Husni
Format: Book
Published: Kuala Lumpur : Darul Nu'man , 1999
Subjects:

MARC

LEADER 00000cam a2200000 7i4500
001 0000014082
005 20080220.0
008 080220
020 |a 9830462455 
090 0 0 |a 297.44   |b NAW 
100 0 |a Imam Nawawi 
245 1 0 |a Cinta & rindu kepada Allah   |c Imam Nawawi; penterjemah Abu Hikmah Al Husni 
246 1 0 |a Cinta dan rindu kepada Allah 
260 |a Kuala Lumpur :   |b Darul Nu'man ,   |c 1999 
650 0 |a God (Islam) 
650 0 |a Religious life   |x Islam 
700 0 |a Abu Hikmah Al Husni 
740 0 |a Cinta dan rindu kepada Allah 
999 |a 0000923040   |b Book   |c Adult Collection   |e Cawangan Bukit Gambir 
999 |a 0001007413   |b Book   |c Adult Collection   |e Perbadanan Perpustakaan Awam Johor 
999 |a 0001007414   |b Book   |c Adult Collection   |e Perbadanan Perpustakaan Awam Johor 
999 |a 0001007415   |b Book   |c Adult Collection   |e Perbadanan Perpustakaan Awam Johor